000 00447nam a2200157Ia 4500
003 OSt
005 20260323154231.0
008 211028s2019 xx 000 0 und d
040 _cAIMIT LIBRARY
041 _aeng
100 _aMohan, Shreya; Thomas, C G.
_g161774
_95431
110 _aNausheeda B S
_95432
245 _aE-commerce website for Father Muller Homeopathic Pharmaceutical division /
260 _aMangalore
_c2019
942 _2ddc
_cPRO
999 _c217903
_d217903